[Event "Leverkusen-ch op 08th"]
[Site "Leverkusen"]
[Date "1996.??.??"]
[Round "3"]
[White "Hoffmann, Klaus Peter"]
[Black "Kubiak, Manfred"]
[Result "0-1"]
[WhiteElo "1960"]
[BlackElo "1780"]
[PlyCount "70"]
[EventDate "1996.01.05"]
[EventType "swiss"]
[EventRounds "9"]
[EventCountry "GER"]
[SourceTitle "EXT 2006"]
[Source "ChessBase"]
[SourceDate "2005.11.24"]
[SourceVersion "1"]
[SourceVersionDate "2005.11.24"]
[SourceQuality "1"]

1. Nf3 g6 2. g3 Bg7 3. d4 Nf6 4. Bg2 d6 5. c4 c6 6. Nc3 0-0 7. 0-0 Bg4 8. h3 Bxf3 9. Bxf3 Re8 10. e4 Nbd7 11. Be3 e5 12. Bg2 exd4 13. Bxd4 Nc5 14. Re1 Nfd7 15. Bxg7 Kxg7 16. Qxd6 Qb6 17. Rab1 Ne5 18. b4 Ncd3 19. c5 Qa6 20. Red1 Rad8 21. Qc7 Qc4 22. Rb3 Qd4 23. Rf1 Rd7 24. Ne2 Qc4 25. Qa5 Qc2 26. Nf4 Nxf4 27. gxf4 Nc4 28. Qxa7 Nd2 29. b5 Nxf1 30. bxc6 Rd1 31. Rxb7 Nd2+ 32. Kh2 Rf8 33. c7 Nf1+ 34. Kg1 Ne3+ 35. Kh2 Qxf2 0-1

[Event "Leverkusen-ch op 07th"]
[Site "Leverkusen"]
[Date "1995.??.??"]
[Round "9"]
[White "Epding, Volker"]
[Black "Kubiak, Manfred"]
[Result "1-0"]
[WhiteElo "2105"]
[BlackElo "1770"]
[PlyCount "119"]
[EventDate "1995.01.13"]
[EventType "swiss"]
[EventRounds "9"]
[EventCountry "GER"]
[SourceTitle "EXT 2006"]
[Source "ChessBase"]
[SourceDate "2005.11.24"]
[SourceVersion "1"]
[SourceVersionDate "2005.11.24"]
[SourceQuality "1"]

1. d4 Nf6 2. Nf3 e6 3. Bg5 d5 4. e3 Be7 5. Bd3 h6 6. Bh4 0-0 7. Nbd2 b6 8. 0-0 Bb7 9. Ne5 Nbd7 10. Nxd7 Nxd7 11. Bxe7 Qxe7 12. f4 f5 13. Nf3 Nf6 14. Ne5 Qe8 15. Be2 a5 16. Bf3 Ba6 17. Re1 Rc8 18. c3 c5 19. Qd2 Ne4 20. Bxe4 fxe4 21. Qf2 Kh7 22. Qh4 Qd8 23. Qg4 Rf6 24. Rac1 Qc7 25. Qd1 Rff8 26. h3 c4 27. Qh5 Rf6 28. g4 Bb5 29. Qh4 Be8 30. g5 Rf8 31. gxh6 g6 32. Kh2 Qd8 33. Qxd8 Rxd8 34. Ng4 Rf5 35. h4 Rd7 36. b3 Rc7 37. bxc4 dxc4 38. Re2 b5 39. Rb2 Re7 40. Kg3 Ra7 41. a4 bxa4 42. Rb8 Re7 43. Rcb1 a3 44. Ra1 Ba4 45. Rxa3 Bb3 46. Nf2 Bc2 47. Rc8 Bd3 48. Ra8 Rb7 49. R8xa5 Rxa5 50. Rxa5 Rb3 51. Ng4 Rb7 52. Ra6 Re7 53. Rc6 Kh8 54. Ne5 Kh7 55. Nxc4 Kxh6 56. Ne5 Bc2 57. c4 Kg7 58. d5 exd5 59. cxd5 Rb7 60. Rxc2 1-0

[Event "Leverkusen-ch op 07th"]
[Site "Leverkusen"]
[Date "1995.??.??"]
[Round "4"]
[White "Kubiak, Manfred"]
[Black "Sockel, Karl Heinz"]
[Result "0-1"]
[WhiteElo "1770"]
[BlackElo "1935"]
[PlyCount "44"]
[EventDate "1995.01.13"]
[EventType "swiss"]
[EventRounds "9"]
[EventCountry "GER"]
[SourceTitle "EXT 2006"]
[Source "ChessBase"]
[SourceDate "2005.11.24"]
[SourceVersion "1"]
[SourceVersionDate "2005.11.24"]
[SourceQuality "1"]

1. d4 Nf6 2. c4 g6 3. Nc3 d5 4. e3 Bg7 5. b4 0-0 6. Nf3 c6 7. Bd2 Re8 8. Qb3 Bf5 9. Be2 Be4 10. Nxe4 Nxe4 11. 0-0 e6 12. Rfd1 g5 13. h3 f5 14. Be1 h5 15. Ne5 g4 16. hxg4 hxg4 17. f3 Bxe5 18. dxe5 gxf3 19. Bxf3 Nd7 20. Bxe4 fxe4 21. Qb2 Qg5 22. Qd4 Nxe5 0-1